000
00336nam a2200133 a 4500
005
20140414131847.0
008
100712s19uu xx 00 eng d
050
_a
M 323
_b
H86 2001
100
_a
Hudson, Wade
245
_a
Five bold freedom fighters.
260
_a
New York :
_b
Scholastic,
_c
2001.
650
_a
Heroes
999
_c
109962
_d
109962